|
|
|
|
| LEADER |
01014nam a2200277 a 4500 |
| 001 |
12302149 |
| 008 |
100302r20052001nyua b 001 0 eng d |
| 010 |
|
|
|a 2001087384
|
| 020 |
|
|
|a 9780500284278
|
| 020 |
|
|
|a 050028427x
|
| 020 |
|
|
|a 050051044X
|
| 040 |
|
|
|a DLC
|c DLC
|d DLC
|d DB-DhAAL
|
| 082 |
0 |
0 |
|a 712
|2 21
|
| 100 |
1 |
|
|a Amidon, Jane.
|
| 245 |
1 |
0 |
|a Radical landscapes :
|b reinventing outdoor space /
|c Jane Amidon ; foreword by Kathryn Gustafson.
|
| 260 |
|
|
|a New York :
|b Thames & Hudson,
|c 2001.[reprinted 2005]
|
| 300 |
|
|
|a 192 p. :
|b ill. (some col.) ;
|c 28 cm.
|
| 504 |
|
|
|a Includes bibliographical references (p. 189-190) and index.
|
| 541 |
1 |
|
|e 00015305
|
| 650 |
|
0 |
|a Landscape architecture.
|
| 650 |
|
0 |
|a Landscape design.
|
| 650 |
|
0 |
|a Gardens
|x Design.
|
| 852 |
4 |
|
|a Ayesha Abed Library
|j General Shelf.
|
| 942 |
0 |
0 |
|0 2
|
| 999 |
|
|
|c 7686
|d 7686
|
| 952 |
|
|
|0 0
|1 0
|2 ddc
|4 0
|6 712_AMI_200500000000000
|7 0
|9 8418
|a BRACUL
|b BRACUL
|c GEN
|d 2010-03-02
|l 15
|m 44
|o 712 AMI
|p 3010015305
|r 2026-05-10
|s 2026-05-10
|t 1
|w 2010-03-02
|y BK
|